| 000 | 00533nam a22001697a 4500 | ||
|---|---|---|---|
| 005 | 20231206074456.0 | ||
| 008 | 231206b |||||||| |||| 00| 0 eng d | ||
| 020 | _a0409040908 ; 0409040906 | ||
| 041 | _aEnglish | ||
| 082 | _a342.9 MEY | ||
| 100 |
_aMeyer, J _lEnglish |
||
| 245 |
_aLocal Government Law : _bGeneral Principles / _cJ Meyer |
||
| 260 |
_aDurban : _bButterworth and Company (Pty) Ltd, _c1978 |
||
| 300 |
_b208 pages ; _c26 cm. |
||
| 650 |
_aLegal practice _bLaw |
||
| 942 |
_cBK _6ALISON_BN_VRIES |
||
| 999 |
_c1137 _d1137 |
||